00312nam a2200133Ia 45000030006000000080041000060400015000471000019000622450034000812500010001152600024001255460012001490050017001610STCL150530s9999 xx 000 0 und d aSTCLcSTCL aBaker John, R. aBiology of parasitic protozoa aFirst bEdward Arnoldc1982 aEnglish20220125170459.0